[Event "Kubok SZFO 2011"]
[Site "?"]
[Date "2011.12.06"]
[Round "1"]
[White "Malinin, Y."]
[Black "Toivonen, A."]
[Result "1/2-1/2"]
[WhiteElo "2311"]
[BlackElo "2254"]
[PlyCount "46"]
[EventDate "1991.03.03"]
[SourceDate "1991.03.03"]

1. c4 c6 2. e4 d5 3. exd5 cxd5 4. d4 Nf6 5. Nc3 g6 6. Qb3 Bg7 7. cxd5 O-O 8.
Be2 Nbd7 9. Bf3 Nb6 10. Nge2 Bg4 11. Bxg4 Nxg4 12. a4 a5 13. Bf4 Nf6 14. d6
exd6 15. d5 Re8 16. Rd1 Rc8 17. O-O Ne4 18. Nd4 Rc4 19. Be3 Nc5 20. Qb5 Rb4 21.
Qxa5 Rxb2 22. Bc1 Nc4 23. Qxd8 Rxd8 1/2-1/2

[Event "Kubok SZFO 2011"]
[Site "?"]
[Date "2011.12.06"]
[Round "1"]
[White "Ivanov, S."]
[Black "Smirnov, V."]
[Result "1/2-1/2"]
[WhiteElo "2355"]
[BlackElo "2253"]
[PlyCount "53"]
[EventDate "1991.03.03"]
[SourceDate "1991.03.03"]

1. c4 e6 2. Nf3 d5 3. g3 dxc4 4. Qa4+ Bd7 5. Qxc4 Bc6 6. Bg2 Nd7 7. O-O Ngf6 8.
Nc3 Nb6 9. Qb3 Be7 10. Qc2 Bxf3 11. Bxf3 c6 12. a3 O-O 13. Rd1 Nfd5 14. d4 Bg5
15. Ne4 Bxc1 16. Raxc1 Rb8 17. Nc5 Qe7 18. Nd3 Rfd8 19. b4 Qf6 20. Ne5 Nd7 21.
Nc4 N7b6 22. Ne5 Nd7 23. Ng4 Qe7 24. e4 N5b6 25. Ne3 Nf8 26. Bg2 Rd7 27. Rd3
1/2-1/2

[Event "Kubok SZFO 2011"]
[Site "?"]
[Date "2011.12.06"]
[Round "1"]
[White "Anjuhin, A."]
[Black "Dokutchaev, A."]
[Result "1/2-1/2"]
[WhiteElo "2324"]
[BlackElo "2436"]
[PlyCount "76"]
[EventDate "1991.03.03"]
[SourceDate "1991.03.03"]

1. e4 e5 2. Nf3 Nc6 3. Bc4 Bc5 4. Nc3 Nf6 5. d3 d6 6. Bg5 h6 7. Be3 Bb4 8. Qd2
Bg4 9. a3 Ba5 10. b4 Bb6 11. Nd5 Bxf3 12. gxf3 Nxd5 13. Bxd5 Qf6 14. O-O-O
O-O-O 15. Bxc6 bxc6 16. Qc3 d5 17. exd5 cxd5 18. Bxb6 axb6 19. d4 Rhe8 20. dxe5
Rxe5 21. Rd3 Rf5 22. Qxf6 Rxf6 23. Re1 Re6 24. Red1 Re5 25. f4 Re4 26. Rf3 g6
27. f5 g5 28. f6 Rd6 29. Rf5 Ree6 30. f4 Rxf6 31. Rxf6 Rxf6 32. fxg5 hxg5 33.
Rxd5 Rf1+ 34. Kb2 f6 35. Rd2 b5 36. Kc3 Kb7 37. Kd4 Kc6 38. Ke4 Rf4+ 1/2-1/2

[Event "Kubok SZFO 2011"]
[Site "?"]
[Date "2011.12.06"]
[Round "1"]
[White "Suleymanyants, O."]
[Black "Kudryashov, S."]
[Result "1/2-1/2"]
[WhiteElo "2290"]
[BlackElo "2265"]
[PlyCount "108"]
[EventDate "1991.03.03"]
[SourceDate "1991.03.03"]

1. e4 c5 2. Nf3 Nc6 3. c3 Nf6 4. e5 Nd5 5. d4 cxd4 6. cxd4 d6 7. Nc3 dxe5 8.
dxe5 Nxc3 9. Qxd8+ Kxd8 10. bxc3 Bg4 11. e6 Bxf3 12. gxf3 fxe6 13. Rb1 Kc7 14.
Bd3 g6 15. Bf4+ e5 16. Be3 Bg7 17. Be4 b6 18. Ke2 Rac8 19. Rhc1 Rhd8 20. Rb5
Kd7 21. Rd1+ Ke8 22. Rxd8+ Nxd8 23. Kd2 Ne6 24. a4 Rd8+ 25. Kc2 Nc7 26. Bc6+
Kf7 27. Rb1 Rd6 28. Be4 Nd5 29. Bxd5+ Rxd5 30. c4 Rd6 31. a5 bxa5 32. Kb3 a6
33. c5 Rc6 34. Ka4 Ke6 35. Kxa5 e4 36. Rb6 Bc3+ 37. Kxa6 Kd7 38. fxe4 Be5 39.
Kb5 Rxb6+ 40. Kxb6 Bxh2 41. Kb7 Bc7 42. c6+ Kd8 43. Bg5 h5 44. Bh4 Ba5 45. Bg3
g5 46. f4 h4 47. Be1 Bc7 48. fxg5 h3 49. g6 Ke8 50. Kxc7 h2 51. g7 Kf7 52.
g8=Q+ Kxg8 53. Kb8 h1=Q 54. c7 Qxe1 1/2-1/2